NFL Week 15 Fantasy Leaders 2025-2026 - Statistics

General Stats
  • This quiz has been taken 17 times
  • The average score is 7 of 20
Answer Stats
Position Points Player % Correct
QB 25.6 Josh Allen
87%
TE 45.6 Kyle Pitts
80%
RB 29.5 Bijan Robinson
67%
WR 27.9 Puka Nacua
67%
WR 41.4 Amon-Ra St. Brown
53%
QB 25.5 Jared Goff
53%
WR 26.4 Jameson Williams
47%
QB 29.1 Bo Nix
40%
QB 26.2 Brock Purdy
40%
QB 26.9 Kirk Cousins
40%
TE 37.4 Trey McBride
40%
RB 31.1 James Cook
33%
QB 44.3 Trevor Lawrence
20%
TE 25 Dallas Goedert
13%
RB 31.5 Travis Etienne
13%
TE 25.6 Darren Waller
7%
RB 30.1 TreVeyon Henderson
7%
TE 24.5 Colby Parkinson
0%
QB 24.5 JJ McCarthy
0%
RB 24.7 Tyrone Tracy
0%
No matching quizzes found
Score Distribution
Percent of People with Each Score
Percentile by Number Answered
Your Score History
You have not taken this quiz